MARC

LEADER 00000nam0a2200000 4500
001 35547
005 20231101210317.0
035 |a (RuTPU)RU\TPU\book\35981 
035 |a BOOK00002633 
090 |a 35547 
100 |a 20011210d1984 km y0rusy50 ca 
101 0 |a rus 
102 |a RU 
105 |a a z 000zy 
200 1 |a Газовоздушные тракты тепловых электростанций  |f Л. А. Рихтер 
205 |a 2-е изд., перераб. и доп. 
210 |a Москва  |c Энергоатомиздат  |d 1984 
215 |a 263 с.  |c ил. 
606 1 |a Тепловые электрические станции  |x Газовоздухопроводы  |x Подогреватели  |2 stltpush  |3 (RuTPU)RU\TPU\subj\59612  |9 77122 
610 1 |a тепловые электростанции 
610 1 |a трубопроводы 
610 1 |a тяго-дутьевые устройства 
610 1 |a газовоздушные тракты 
610 1 |a схемы 
675 |a 621.311.22.002.5:621.184  |v 3 
700 1 |a Рихтер  |b Л. А.  |g Лев Александрович 
801 0 |a RU  |b 63413507  |c 20011210  |g PSBO 
801 2 |a RU  |b 63413507  |c 20150603  |g PSBO 
900 |a Вспомогательное оборудование котельных установок 
942 |c BK